| 000 | 00785nam a2200205 a 4500 | ||
|---|---|---|---|
| 001 | 000046652 | ||
| 005 | 20201002053025.0 | ||
| 008 | 100322s2015 dr 000 0 spa d | ||
| 020 | _a9789945904253 | ||
| 040 |
_aDO-SdBNP _bspa _cBNPHU |
||
| 082 |
_a342.729302 _bR426co, 2015 |
||
| 110 |
_aRepública Dominicana _bConstitución (2015) _940445 |
||
| 245 | 0 | 0 |
_aConstitución de la República Dominicana : _bproclamada el 13 de junio de 2015 (G.O. 10805). |
| 260 |
_a[Santo Domingo] : _bDalis, _c[2015]. |
||
| 300 |
_a112 p. ; _c22 cm. |
||
| 500 | _aRevisada con la gaceta oficial 10805 del 10 de julio del 2015. | ||
| 590 | _aInventariado, 2018/ YL | ||
| 651 | 4 |
_aRepública Dominicana _xConstitución (2015{Rpara} _940446 |
|
| 651 | 4 |
_aRepública Dominicana _zDerecho Constitucional _9449 |
|
| 999 |
_c46141 _d46141 |
||